| 000 | 00646nam a2200205Ia 4500 | ||
|---|---|---|---|
| 003 | GCL | ||
| 008 | 140319s9999 xx 000 0 ara d | ||
| 040 |
_aGCL / _cGCL |
||
| 082 | 0 | 4 |
_a953.02 _bس ف |
| 100 | 1 | _aسليمان الخش | |
| 245 | 1 | 0 |
_aالفتح العربى الاسلامى فى سيرة مالك بن الريب المازنى / _cسليمان الخش |
| 300 | _a402 | ||
| 490 | _a | ||
| 650 | 0 | 4 | _aالفتوحات الاسلامية |
| 650 | 0 | 4 | _aالتاريخ الاسلامى |
| 650 | 0 | 4 | _aانتشار الاسلام |
| 650 | 0 | 4 | _aفتح خرسان |
| 650 | 0 | 4 | _aملك بن ريب المازنى |
| 942 |
_2ddc _cBK |
||
| 999 |
_c39181 _d39181 |
||